IFM Opac

Modern Internation Auditing: An Operational Approach (Record no. 18673)

MARC details
000 -LEADER
fixed length control field 00365nam a22001457a 4500
020 ## - INTERNATIONAL STANDARD BOOK NUMBER
International Standard Book Number 0471065242
082 ## - DEWEY DECIMAL CLASSIFICATION NUMBER
Classification number 657.45 BRI
100 ## - MAIN ENTRY--PERSONAL NAME
Personal name Brink, Victer Z
245 ## - TITLE STATEMENT
Title Modern Internation Auditing: An Operational Approach
250 ## - EDITION STATEMENT
Edition statement 3rd ed.
260 ## - PUBLICATION, DISTRIBUTION, ETC.
Place of publication, distribution, etc. UAS
Name of publisher, distributor, etc. Wiley John and Sons
300 ## - PHYSICAL DESCRIPTION
Extent 795
Other physical details cm 22.5
500 ## - GENERAL NOTE
General note include,index and apendex
942 ## - ADDED ENTRY ELEMENTS (KOHA)
Koha item type Books

No items available.